On This Day: December 23rd Quiz Stats

 Plays Quiz Updated Dec 23, 2017

Challenge
Share
Tweet
Embed
Score 0/7 Timer 03:00
0 Plays Today
Question Answer Wrong Answers
Terry Nichols is convicted on federal charges of conspiracy and eight counts of involuntary manslaughter due to his involvement in the bombing of ______.
1997
Oklahoma City
89.4%
Wichita
3%
Sacramento
2.2%
New York
2.8%
In a referendum, 88.5% of Slovenia's overall electorate vote for independence from ______.
1990
Yugoslavia
85.8%
Austria
3.1%
Italy
2%
Hungary
6.5%
The 16 survivors of the ______ flight disaster are rescued after 73 days, having reportedly survived by cannibalism.
1972
Andes
82.8%
Appalachian
5.4%
Alps
6.5%
Atlas
3.1%
‘Emma’, a well-known novel by this author, is first published.
1815
Jane Austen
78.8%
Charlotte Brontë
16.4%
Oscar Wilde
2.6%
Thomas Hardy
1.5%
George Washington resigns as commander-in-chief of the ______ at the Maryland State House in Annapolis, Maryland.
1783
Continental Army
75%
Colonial Army
13.4%
Militia of America
3.5%
Colonial Armed Forces
7.9%
This American singer-songwriter, best known as a member of the rock band Pearl Jam, is born.
1964
Eddie Vedder
73.1%
Tom Morello
5.9%
Josh Homme
3.5%
Dave Grohl
15.6%
The Federal Reserve Act is signed into law by this president, creating the Federal Reserve System.
1913
Woodrow Wilson
54.8%
William Howard Taft
12.8%
Warren G. Harding
8%
Theodore Roosevelt
23%

You're not logged in!

Compare scores with friends on all Sporcle quizzes.
OR
Log In

You Might Also Like...

Show Comments

Extras

Top Quizzes Today


Score Distribution

Your Account Isn't Verified!

In order to create a playlist on Sporcle, you need to verify the email address you used during registration. Go to your Sporcle Settings to finish the process.

Report this User

Report this user for behavior that violates our Community Guidelines.

Details: